000 00529nab a2200205 a 4500
001 68785
003 142517
005 20201118110553.0
008 ||||||n9999 ||| || ||
041 _aspa
100 _aKotler, Philip
245 0 _aLa salida programada del producto debil
260 _aMéxico :
_bHARVA,
_c1973.
562 _e0
650 _aABASTECIMIENTO
650 _aPRODUCTOS
650 _aVENTAS
773 _068179
_aBiblioteca Harvard de Administración de Empresas - Vol.01 No.10
942 _cSART
999 _c68785
_d68785